| Tag |
First Indicator |
Second Indicator |
Subfields |
| LEADER |
00000uam a2200000 a 4500 |
| 001 |
in00004265700 |
| 005 |
20260128185506.8 |
| 006 |
m o d |
| 007 |
cr cn |
| 008 |
100513s2010 xx o eng |
| 020 |
|
|
|z 9781430232582
|
| 020 |
|
|
|z 1430232587
|
| 035 |
|
|
|a (CaSebORM)9781430232582
|
| 040 |
|
|
|d UtOrBLW
|
| 041 |
0 |
|
|a eng
|
| 100 |
1 |
|
|a Grothaus, Michael,
|e author.
|0 http://id.loc.gov/authorities/names/no2010188209
|
| 245 |
1 |
0 |
|a Taking Your iPod touch to the Max, Second Edition /
|c Grothaus, Michael.
|
| 250 |
|
|
|a 1st edition.
|
| 264 |
|
1 |
|b Apress,
|c 2010.
|
| 300 |
|
|
|a 1 online resource (411 pages)
|
| 336 |
|
|
|a text
|b txt
|2 rdacontent
|
| 337 |
|
|
|a computer
|b c
|2 rdamedia
|
| 338 |
|
|
|a online resource
|b cr
|2 rdacarrier
|
| 347 |
|
|
|a text file
|
| 520 |
|
|
|a Unleash your iPod touch and take it to the limit using secret tips and techniques from gadget hacker Erica Sadun. Fast and fun to read, Taking Your iPod touch to the Max will help you get the most out of your iPod touch. You'll find all the best undocumented tricks as well as the most efficient and enjoyable introduction to the iPod touch available. Starting with the basics, you'll quickly move on to discover the iPod touch's hidden potential, like how to connect to a TV and get contract-free VOIP. From e-mail and surfing the Web, to using iTunes, iBooks, games, photos, ripping DVDs and getting free VOIP with Skype or Jajah-you'll find it all in this book. You'll even learn tips on where to get the best and cheapest iPod touch accessories. Get ready to take iPod touch to the max!
|
| 533 |
|
|
|a Electronic reproduction.
|b Boston, MA :
|c Safari,
|n Available via World Wide Web.
|d 2010.
|
| 538 |
|
|
|a Mode of access: World Wide Web.
|
| 542 |
|
|
|f Copyright © Apress
|g 2010
|
| 588 |
|
|
|a Online resource; Title from title page (viewed October 29, 2010)
|
| 500 |
|
|
|a Electronic resource.
|
| 655 |
|
7 |
|a Electronic books.
|2 local
|
| 700 |
1 |
|
|a Sadun, Erica,
|e author.
|0 http://id.loc.gov/authorities/names/n00000585
|
| 710 |
2 |
|
|a Safari, an O'Reilly Media Company.
|
| 856 |
4 |
0 |
|u https://proxy.library.tamu.edu/login?url=https://go.oreilly.com/TAMU/library/view/-/9781430232582/?ar
|z Connect to this electronic resource
|t 0
|
| 999 |
f |
f |
|s 78cfb93b-1da7-3bd3-9c21-69e181c2885d
|i b2d4e4d8-df21-3dd2-be76-09d53b3e858b
|t 0
|
| 952 |
f |
f |
|a Texas A&M University
|b College Station
|c Electronic Resources
|s www_evans
|d Available Online
|t 0
|h No information provided
|
| 998 |
f |
f |
|t 0
|l Available Online
|